000 00509nam a22001817a 4500
005 20240408145728.0
010 _aENG-140069
020 _a9788195358328
_c300.00
035 _aEN-123601
037 _bDBAD/PUB
082 _a881
100 _aLakshmi Priya N.
_964386
245 _aThe Colour of Desire /
_cby Lakshmi Priya N.
260 _aKolkata
_bWriters Workshop
_c2021
270 _aC-532,Lake Garden
_bKolkata
_e700045
300 _a87p.
_c22(Hb)
942 _cEN
_h881
_2ddc
_mLAK
999 _c201966
_d201966